The hunterman and the crocodile : (Record no. 9140)

MARC details
000 -LEADER
fixed length control field 00969cam a2200265 a 4500
001 - CONTROL NUMBER
control field 9140
003 - CONTROL NUMBER IDENTIFIER
control field FISKH
005 - DATE AND TIME OF LATEST TRANSACTION
control field 20251125104309.0
008 - FIXED-LENGTH DATA ELEMENTS--GENERAL INFORMATION
fixed length control field 951018s1997 nyua j 000 0 eng
010 ## - LIBRARY OF CONGRESS CONTROL NUMBER
LC control number 95025975
020 ## - INTERNATIONAL STANDARD BOOK NUMBER
International Standard Book Number 9780590898294
035 ## - SYSTEM CONTROL NUMBER
System control number 1143899
040 ## - CATALOGING SOURCE
Original cataloging agency DLC
Transcribing agency DLC
Modifying agency DLC
Language of cataloging eng
050 00 - LIBRARY OF CONGRESS CALL NUMBER
Classification number PZ8.1.D564
Item number Hu 1997
082 00 - DEWEY DECIMAL CLASSIFICATION NUMBER
Classification number 398.2/0966/02
-- E
Edition number 20
100 1# - MAIN ENTRY--PERSONAL NAME
Personal name Diakité, Baba Wagué.
245 14 - TITLE STATEMENT
Title The hunterman and the crocodile :
Remainder of title a West African folktale/
Statement of responsibility, etc. retold and illustrated by Baba Wagué Diakité.
260 ## - PUBLICATION, DISTRIBUTION, ETC.
Place of publication, distribution, etc. New York :
Name of publisher, distributor, etc. Scholastic,
Date of publication, distribution, etc. 1997.
300 ## - PHYSICAL DESCRIPTION
Extent 24 unnumbered pages :
Other physical details color illustrations ;
Dimensions 23 cm
520 ## - SUMMARY, ETC.
Summary, etc. Donso, a West African hunterman, learns the importance of living in harmony with nature and the necessity of placing humans among, not above, all other living things.
650 #1 - SUBJECT ADDED ENTRY--TOPICAL TERM
Topical term or geographic name entry element Folklore
Geographic subdivision Africa, West.
906 ## - LOCAL DATA ELEMENT F, LDF (RLIN)
a 7
b cbc
c orignew
d 1
e ocip
f 19
g y-gencatlg
942 ## - ADDED ENTRY ELEMENTS (KOHA)
Source of classification or shelving scheme Dewey Decimal Classification
Koha item type Books
Suppress in OPAC No
Holdings
Withdrawn status Lost status Source of classification or shelving scheme Damaged status Not for loan Collection Home library Current library Shelving location Date acquired Total Checkouts Full call number Barcode Date last seen Copy number Price effective from Koha item type
    Dewey Decimal Classification     Fiction Footprints International School Library Network Toul Tom Poung Campus Footprints International School Library Network Toul Tom Poung Campus TTP Secondary Fiction Bookshelves 11/25/2025   DIA 398.2 PZ8.D564 H 2025-4898 11/25/2025 1 11/25/2025 Books